| 000 | 00889cam a22002651a 4500 | ||
|---|---|---|---|
| 001 | he 68001341 | ||
| 003 | DLC | ||
| 005 | 20260227111458.0 | ||
| 008 | 920624s1966 is a 000 0 hebr | ||
| 010 | _ahe 68001341 | ||
| 035 | _a(OCoLC)26079546 | ||
| 040 |
_aDLC _cCLU _dDLC |
||
| 042 | _apremarc | ||
| 050 | 0 | 0 |
_aPZ90.H3 _bH388 1966 |
| 100 | 1 |
_aHalperin, F., _d1876-1945. |
|
| 245 | 1 | 0 |
_aḤakhme Ḥelem / _cme-et Falk Helpren; meʼubad le-ʻIvrit bi-yede Galyah Yardeni. |
| 260 |
_aYerushalayim : _bha-Maḥlakah le-ḥinukh ule-tarbut ba-golaḥ shel ha-Histadrut ha-Tsiyonit a-ʻOlamit, _c726 [1966] |
||
| 300 |
_a48 p. : _bill. ; _c19 cm. |
||
| 490 | 0 |
_aGesher la-noʻar, sifronim be-ʻIvrit ḳalah ; _v8 |
|
| 500 | _aAdded t.p.: The sages of Chelm. | ||
| 500 | _aVocalized. | ||
| 650 | 0 | _aJewish wit and humor. | |
| 700 | 1 | _aYardeni, Galia. | |
| 740 | 0 | _aSages of Chelm. | |
| 999 |
_c33271 _d33271 |
||